000 00758nam a2200265 a 4500
008
020 _a0471599891 (hbk.)
049 _aMAIN
090 _aQA401
_bKRE
100 1 _aKreyszig, Erwin.
245 1 0 _aAdvanced engineering mathematics /
_cErwin Kreyszig.
250 _a6th ed.
260 _aNew York :
_bWiley,
_cc1988.
300 _axvii, 1294 p. :
_bill. ;
_c27 cm.
500 _apages 940-989 missing
504 _aIncludes bibliographical references.
500 _aIncludes index.
650 0 _aMathematical physics.
650 0 _aEngineering mathematics.
907 _a.b10065477
_b11-11-16
_c17-04-03
003
005 20230120193601.0
040 _cNUST
942 _cBOOKS
_kQA401
_mKRE
999 _c101722
_d101722